[Event "Budapes FS07 Nadassy"]
[Site "Budapest"]
[Date "2021.07.12"]
[Round "9.3"]
[White "Demjen, Mark"]
[Black "Levitan, Caleb Levi"]
[Result "1/2-1/2"]
[WhiteElo "2043"]
[BlackElo "1645"]
[PlyCount "70"]
[EventDate "2021.07.03"]
[EventType "schev"]
[EventRounds "14"]
[EventCountry "HUN"]
[SourceTitle "EXT 2022"]
[Source "ChessBase"]
[SourceDate "2021.10.06"]
[SourceVersion "1"]
[SourceVersionDate "2021.10.06"]
[SourceQuality "1"]
[WhiteTeam "Team A"]
[BlackTeam "Team B"]
[WhiteTeamCountry "HUN"]
[BlackTeamCountry "IND"]

1. e4 c5 2. Nf3 d6 3. d4 cxd4 4. Nxd4 Nf6 5. Nc3 g6 6. f3 Bg7 7. Be3 0-0 8. Qd2 Nc6 9. 0-0-0 d5 10. Qe1 e5 11. Nxc6 bxc6 12. Bc5 Re8 13. g4 Qa5 14. Ba3 d4 15. Nb1 Bh6+ 16. Nd2 Be6 17. Kb1 Rab8 18. Nb3 Qxe1 19. Rxe1 Bf8 20. Bxf8 Kxf8 21. Nc5 Ke7 22. Nxe6 fxe6 23. h4 h5 24. Bh3 c5 25. Rhg1 Kf7 26. b3 Rh8 27. g5 Nd7 28. Rgf1 Ke7 29. f4 exf4 30. Rxf4 Rhf8 31. Ref1 Rxf4 32. Rxf4 Rf8 33. Rxf8 Kxf8 34. Bxe6 Ne5 35. c3 Nf3 1/2-1/2

[Event "Budapest FS02 Nadassy"]
[Site "Budapest"]
[Date "2021.02.16"]
[Round "10.3"]
[White "Toth, Lili"]
[Black "Demjen, Mark"]
[Result "0-1"]
[WhiteElo "1680"]
[BlackElo "2054"]
[PlyCount "76"]
[EventDate "2021.02.06"]
[EventType "schev"]
[EventRounds "10"]
[EventCountry "HUN"]
[SourceTitle "EXT 2022"]
[Source "ChessBase"]
[SourceDate "2021.10.06"]
[SourceVersion "1"]
[SourceVersionDate "2021.10.06"]
[SourceQuality "1"]
[WhiteTeam "Team B"]
[BlackTeam "Team A"]
[WhiteTeamCountry "HUN"]
[BlackTeamCountry "HUN"]

1. Nf3 g6 2. c4 Bg7 3. d4 d6 4. Nc3 e5 5. e4 Nc6 6. Be3 Bg4 7. d5 Nd4 8. Be2 Nxe2 9. Qxe2 Ne7 10. h3 Bd7 11. Nd2 f5 12. Bg5 0-0 13. Bxe7 Qxe7 14. a3 Bh6 15. Nf3 Rf7 16. 0-0 Raf8 17. Nh2 f4 18. Qf3 Rg7 19. Kh1 g5 20. Ng4 Rg6 21. Qe2 f3 22. gxf3 Bg7 23. Kg2 h5 24. Nh2 Rf4 25. Rh1 g4 26. hxg4 hxg4 27. fxg4 Bxg4 28. Nxg4 Rfxg4+ 29. Kf1 Qg5 30. Qe1 Rg2 31. Rd1 Rf6 32. Rd2 Qg3 33. Nd1 Bh6 34. Rc2 Qf3 35. Rg1 Rxg1+ 36. Kxg1 Rg6+ 37. Kf1 Qh1+ 38. Ke2 Qxe4+ 0-1

[Event "Budapest FS02 Nadassy"]
[Site "Budapest"]
[Date "2021.02.15"]
[Round "9.3"]
[White "Demjen, Mark"]
[Black "Matyassy, Lazar"]
[Result "1-0"]
[WhiteElo "2054"]
[BlackElo "2042"]
[PlyCount "57"]
[EventDate "2021.02.06"]
[EventType "schev"]
[EventRounds "10"]
[EventCountry "HUN"]
[SourceTitle "EXT 2022"]
[Source "ChessBase"]
[SourceDate "2021.10.06"]
[SourceVersion "1"]
[SourceVersionDate "2021.10.06"]
[SourceQuality "1"]
[WhiteTeam "Team A"]
[BlackTeam "Team B"]
[WhiteTeamCountry "HUN"]
[BlackTeamCountry "HUN"]

1. d4 Nf6 2. c4 g6 3. Nc3 d5 4. cxd5 Nxd5 5. e4 Nxc3 6. bxc3 Bg7 7. Nf3 0-0 8. h3 c5 9. Be3 Nc6 10. Be2 cxd4 11. cxd4 Qa5+ 12. Bd2 Qa3 13. d5 Nd4 14. Nxd4 Bxd4 15. Rb1 f5 16. 0-0 Qd6 17. Bb4 Qe5 18. Bxe7 Re8 19. d6 fxe4 20. Rb5 Qg7 21. Bc4+ Kh8 22. Rd5 Bb6 23. Bb5 Rg8 24. Qa1 Qxa1 25. Rxa1 Be6 26. Bf6+ Rg7 27. Re5 Bd4 28. Rxe6 Bxa1 29. Bxa1 1-0

[Event "Budapest FS02 Nadassy"]
[Site "Budapest"]
[Date "2021.02.13"]
[Round "7.3"]
[White "Demjen, Mark"]
[Black "Krivenko, Dion"]
[Result "0-1"]
[WhiteElo "2054"]
[BlackElo "2005"]
[PlyCount "112"]
[EventDate "2021.02.06"]
[EventType "schev"]
[EventRounds "10"]
[EventCountry "HUN"]
[SourceTitle "EXT 2022"]
[Source "ChessBase"]
[SourceDate "2021.10.06"]
[SourceVersion "1"]
[SourceVersionDate "2021.10.06"]
[SourceQuality "1"]
[WhiteTeam "Team A"]
[BlackTeam "Team B"]
[WhiteTeamCountry "HUN"]
[BlackTeamCountry "HUN"]

1. e4 c5 2. Nf3 d6 3. d4 cxd4 4. Nxd4 Nf6 5. f3 e5 6. Nb3 Be7 7. Nc3 Be6 8. Bg5 0-0 9. Qd2 a5 10. Bb5 h6 11. Be3 d5 12. exd5 Nxd5 13. Nxd5 Qxd5 14. Qxd5 Bxd5 15. 0-0-0 Be6 16. Kb1 Rc8 17. a4 Nc6 18. Nc5 Bxc5 19. Bxc5 Bf5 20. Bd3 Bxd3 21. Rxd3 Nb4 22. Bxb4 axb4 23. b3 b5 24. axb5 Ra5 25. Rhd1 Rxb5 26. Rd8+ Rxd8 27. Rxd8+ Kh7 28. Kc1 Kg6 29. Kd2 f5 30. Kd3 Kf6 31. Kc4 Rb7 32. Rd6+ Kg5 33. Rd5 Kf4 34. g3+ Kxf3 35. Rxe5 Kg2 36. Re2+ Kf3 37. Re5 Kg2 38. Re2+ Kf3 39. Rd2 g5 40. Rd6 f4 41. Rxh6 Kg2 42. gxf4 gxf4 43. c3 bxc3 44. Kxc3 Rf7 45. Rg6+ Kf1 46. b4 f3 47. b5 f2 48. Ra6 Ke2 49. Ra1 Rf4 50. h4 Rxh4 51. Ra2+ Kf3 52. Ra1 Kg2 53. b6 f1Q 54. Rxf1 Kxf1 55. b7 Rh8 56. Kc4 Rb8 0-1

[Event "Budapest FS02 Nadassy"]
[Site "Budapest"]
[Date "2021.02.10"]
[Round "5.3"]
[White "Demjen, Mark"]
[Black "Toth, Lili"]
[Result "1-0"]
[WhiteElo "2054"]
[BlackElo "1680"]
[PlyCount "101"]
[EventDate "2021.02.06"]
[EventType "schev"]
[EventRounds "10"]
[EventCountry "HUN"]
[SourceTitle "EXT 2022"]
[Source "ChessBase"]
[SourceDate "2021.10.06"]
[SourceVersion "1"]
[SourceVersionDate "2021.10.06"]
[SourceQuality "1"]
[WhiteTeam "Team A"]
[BlackTeam "Team B"]
[WhiteTeamCountry "HUN"]
[BlackTeamCountry "HUN"]

1. e4 e5 2. Nf3 Nc6 3. Bb5 a6 4. Ba4 Nf6 5. 0-0 Be7 6. Re1 b5 7. Bb3 d6 8. c3 0-0 9. h3 Re8 10. d4 Bb7 11. Nbd2 Bf8 12. Bc2 g6 13. d5 Nb8 14. b3 Nbd7 15. Nf1 c6 16. c4 Rc8 17. Be3 cxd5 18. cxd5 Nc5 19. Ng3 Bg7 20. b4 Ncd7 21. Nd2 Nb6 22. Bd3 Nfd7 23. Nb3 Na4 24. Na5 Ba8 25. Qd2 Ndb6 26. Ne2 Qd7 27. Rac1 f5 28. f3 f4 29. Bf2 Bf6 30. Bc2 Bb7 31. Bb3 Rxc1 32. Rxc1 Ba8 33. Nc3 Bd8 34. Nxa4 Nxa4 35. Bxa4 bxa4 36. Nc6 Qb7 37. Qc2 Qb5 38. Nxd8 Rxd8 39. Qc7 Qb8 40. Bh4 Qxc7 41. Rxc7 Re8 42. Be7 Rb8 43. Bxd6 Re8 44. Bxe5 Rxe5 45. Rc8+ Kf7 46. Rxa8 Re7 47. Rxa6 Rc7 48. Rc6 Rb7 49. a3 Rd7 50. Kf2 Ke7 51. Ke2 1-0

[Event "Budapest FS02 Nadassy"]
[Site "Budapest"]
[Date "2021.02.08"]
[Round "3.3"]
[White "Demjen, Mark"]
[Black "Toth, Nikoletta"]
[Result "1-0"]
[WhiteElo "2054"]
[BlackElo "1937"]
[PlyCount "85"]
[EventDate "2021.02.06"]
[EventType "schev"]
[EventRounds "10"]
[EventCountry "HUN"]
[SourceTitle "EXT 2022"]
[Source "ChessBase"]
[SourceDate "2021.10.06"]
[SourceVersion "1"]
[SourceVersionDate "2021.10.06"]
[SourceQuality "1"]
[WhiteTeam "Team A"]
[BlackTeam "Team B"]
[WhiteTeamCountry "HUN"]
[BlackTeamCountry "HUN"]

1. e4 e5 2. Nf3 Nc6 3. Bb5 a6 4. Ba4 Nf6 5. 0-0 Bc5 6. c3 0-0 7. d4 Ba7 8. Re1 b5 9. Bb3 d6 10. h3 h6 11. Be3 Re8 12. Nbd2 Bb7 13. d5 Bxe3 14. fxe3 Ne7 15. Nh4 Ng6 16. Nf5 Bc8 17. Rf1 Bd7 18. Qe2 Rf8 19. Rf2 Kh7 20. Raf1 Ng8 21. g4 Rb8 22. Kh2 a5 23. Rg1 N6e7 24. Qf1 g5 25. Ng3 f6 26. Nh5 Ng6 27. Nf3 a4 28. Bd1 c5 29. h4 Qe7 30. Qh3 Kh8 31. Ng3 Rf7 32. hxg5 fxg5 33. Qh5 Nf8 34. Nf5 Bxf5 35. gxf5 Nf6 36. Qh3 g4 37. Rxg4 Nxg4+ 38. Qxg4 Rg7 39. Qh3 Nd7 40. Nh4 Nf8 41. f6 Qf7 42. fxg7+ Qxg7 43. Nf5 1-0

[Event "HUN-ch U18"]
[Site "Budapest"]
[Date "2020.10.30"]
[Round "9"]
[White "Pogany, Zsombor"]
[Black "Demjen, Mark"]
[Result "1-0"]
[WhiteElo "2221"]
[BlackElo "2018"]
[PlyCount "47"]
[EventDate "2020.10.24"]
[EventType "tourn"]
[EventRounds "9"]
[EventCountry "HUN"]
[SourceTitle "CBM 199 Extra"]
[Source "ChessBase"]
[SourceDate "2021.01.31"]
[SourceVersion "1"]
[SourceVersionDate "2021.01.31"]
[SourceQuality "1"]

1. e4 e5 2. Nf3 Nc6 3. Nc3 Nf6 4. Bb5 Nd4 5. Ba4 Bc5 6. Nxe5 0-0 7. Nd3 Bb6 8. e5 Ne8 9. 0-0 d6 10. exd6 Nxd6 11. Nf4 c6 12. d3 N6f5 13. Ne4 Nh4 14. c3 Ne6 15. Nxe6 Bxe6 16. Bg5 f6 17. Bxh4 g5 18. Bb3 Bxb3 19. Qxb3+ Kg7 20. Bg3 Qxd3 21. Rfe1 Rae8 22. Nd6 Rxe1+ 23. Rxe1 Qd2 24. Qd1 1-0

[Event "HUN-ch U18"]
[Site "Budapest"]
[Date "2020.10.28"]
[Round "7"]
[White "Tubak, Daniel"]
[Black "Demjen, Mark"]
[Result "1-0"]
[WhiteElo "2214"]
[BlackElo "2018"]
[PlyCount "113"]
[EventDate "2020.10.24"]
[EventType "tourn"]
[EventRounds "9"]
[EventCountry "HUN"]
[SourceTitle "CBM 199 Extra"]
[Source "ChessBase"]
[SourceDate "2021.01.31"]
[SourceVersion "1"]
[SourceVersionDate "2021.01.31"]
[SourceQuality "1"]

1. e4 c6 2. d4 d5 3. Nc3 dxe4 4. Nxe4 Bf5 5. Ng3 Bg6 6. N1e2 Nf6 7. Nf4 e5 8. dxe5 Qa5+ 9. c3 Qxe5+ 10. Qe2 Qxe2+ 11. Bxe2 Nbd7 12. Nxg6 hxg6 13. 0-0 0-0-0 14. Rd1 Bc5 15. h3 Rhe8 16. Kf1 Nb6 17. Rxd8+ Rxd8 18. b3 Bd6 19. Bg5 Be5 20. Rc1 Nbd5 21. c4 Nf4 22. Rd1 Rxd1+ 23. Bxd1 Ne6 24. Bd2 Bf4 25. Bc3 c5 26. Ne2 Bd6 27. Bc2 Kc7 28. g3 Nd7 29. f4 Be7 30. Kf2 Bf6 31. Bd2 Nd4 32. Nxd4 Bxd4+ 33. Kf3 Nf6 34. g4 Kd6 35. h4 b6 36. g5 Ng8 37. f5 gxf5 38. Bxf5 f6 39. g6 Ne7 40. Ke4 a5 41. h5 Ng8 42. Bc8 Ne7 43. Bf4+ Be5 44. Bxe5+ fxe5 45. h6 gxh6 46. g7 h5 47. Bb7 h4 48. Bd5 h3 49. Kf3 e4+ 50. Bxe4 Ke5 51. Bd5 Kd4 52. g8Q Nxg8 53. Bxg8 h2 54. Kg2 Kc3 55. Bd5 Kb2 56. Bc6 Kxa2 57. Ba4 1-0

[Event "HUN-ch U18"]
[Site "Budapest"]
[Date "2020.10.25"]
[Round "2"]
[White "Geher, Koppany"]
[Black "Demjen, Mark"]
[Result "1/2-1/2"]
[WhiteElo "2319"]
[BlackElo "2018"]
[PlyCount "48"]
[EventDate "2020.10.24"]
[EventType "tourn"]
[EventRounds "9"]
[EventCountry "HUN"]
[SourceTitle "CBM 199 Extra"]
[Source "ChessBase"]
[SourceDate "2021.01.31"]
[SourceVersion "1"]
[SourceVersionDate "2021.01.31"]
[SourceQuality "1"]

1. e4 c6 2. d4 d5 3. e5 Bf5 4. h4 h5 5. Bd3 Bxd3 6. Qxd3 e6 7. Bg5 Qb6 8. Nd2 c5 9. c4 Qxb2 10. Rd1 Nc6 11. Ngf3 Nb4 12. Qe2 cxd4 13. 0-0 d3 14. Qe3 Qa3 15. Rb1 Nh6 16. Bxh6 gxh6 17. Rb3 Qxa2 18. cxd5 Nxd5 19. Qxd3 Qa6 20. Qb1 Bg7 21. Rxb7 0-0 22. Ne4 Rac8 23. Ng3 Nb6 24. Re7 Qa3 1/2-1/2

[Event "Budapest FS07 Nadassy"]
[Site "Budapest"]
[Date "2020.07.13"]
[Round "9"]
[White "Demjen, Mark"]
[Black "Nemeth, Zalan"]
[Result "1-0"]
[WhiteElo "1943"]
[BlackElo "1989"]
[PlyCount "65"]
[EventDate "2020.07.04"]
[EventType "team-schev"]
[EventRounds "14"]
[EventCountry "HUN"]
[SourceTitle "CBM 197 Extra"]
[Source "ChessBase"]
[SourceDate "2020.09.30"]
[SourceVersion "1"]
[SourceVersionDate "2020.09.30"]
[SourceQuality "1"]
[WhiteTeam "Stronger Row"]
[BlackTeam "Weaker Row"]
[WhiteTeamCountry "HUN"]
[BlackTeamCountry "HUN"]

1. d4 Nf6 2. c4 e5 3. dxe5 Ng4 4. Bf4 g5 5. Bg3 Nc6 6. Nf3 Bg7 7. Nc3 Ngxe5 8. Nxe5 Nxe5 9. e3 d6 10. Be2 Be6 11. Qc2 Qd7 12. Nb5 h5 13. h4 g4 14. Rd1 0-0 15. 0-0 Qe7 16. Nd4 f5 17. c5 d5 18. Bxe5 Bxe5 19. Nxe6 Qxe6 20. Rxd5 Qe7 21. Rfd1 g3 22. fxg3 Bxg3 23. Qc4 Qxe3+ 24. Kh1 Kh8 25. R1d3 Qxe2 26. Qc3+ Be5 27. Rxe5 Qf1+ 28. Kh2 Qf4+ 29. Kg1 Qxh4 30. Re6+ Kg8 31. Rg6+ Kf7 32. Qg7+ Ke8 33. Qd7# 1-0

[Event "Budapest FS07 Nadassy"]
[Site "Budapest"]
[Date "2020.07.08"]
[Round "5"]
[White "Demjen, Mark"]
[Black "Matyassy, Lazar"]
[Result "1/2-1/2"]
[WhiteElo "1943"]
[BlackElo "1981"]
[PlyCount "66"]
[EventDate "2020.07.04"]
[EventType "team-schev"]
[EventRounds "14"]
[EventCountry "HUN"]
[SourceTitle "CBM 197 Extra"]
[Source "ChessBase"]
[SourceDate "2020.09.30"]
[SourceVersion "1"]
[SourceVersionDate "2020.09.30"]
[SourceQuality "1"]
[WhiteTeam "Stronger Row"]
[BlackTeam "Weaker Row"]
[WhiteTeamCountry "HUN"]
[BlackTeamCountry "HUN"]

1. e4 c5 2. Nf3 g6 3. d4 cxd4 4. Nxd4 Nc6 5. c4 Nf6 6. Nc3 d6 7. Be2 Nxd4 8. Qxd4 Bg7 9. Be3 0-0 10. Qd2 a5 11. f3 a4 12. 0-0 Qa5 13. Rab1 Be6 14. Rfc1 Rfc8 15. b4 axb3 16. axb3 Qb4 17. Qd1 Nd7 18. Nd5 Bxd5 19. cxd5 Rc3 20. Rxc3 Qxc3 21. Qc1 Rc8 22. Bb5 Qxc1+ 23. Rxc1 Rxc1+ 24. Bxc1 Nc5 25. b4 Bd4+ 26. Kf1 Nb3 27. Bh6 Bc3 28. Ba4 Nd2+ 29. Ke2 Nb1 30. Bc2 Na3 31. Bd3 Bxb4 32. Bc1 Bc5 33. Kd2 Bb4+ 1/2-1/2

[Event "Budapest FS07 Nadassy"]
[Site "Budapest"]
[Date "2020.07.04"]
[Round "1"]
[White "Demjen, Mark"]
[Black "Lakatos, Tamas"]
[Result "0-1"]
[WhiteElo "1943"]
[BlackElo "1940"]
[PlyCount "33"]
[EventDate "2020.07.04"]
[EventType "team-schev"]
[EventRounds "14"]
[EventCountry "HUN"]
[SourceTitle "CBM 197 Extra"]
[Source "ChessBase"]
[SourceDate "2020.09.30"]
[SourceVersion "1"]
[SourceVersionDate "2020.09.30"]
[SourceQuality "1"]
[WhiteTeam "Stronger Row"]
[BlackTeam "Weaker Row"]
[WhiteTeamCountry "HUN"]
[BlackTeamCountry "HUN"]

1. e4 e5 2. Nf3 Nc6 3. Bb5 a6 4. Ba4 Be7 5. 0-0 Nf6 6. Re1 b5 7. Bb3 0-0 8. h3 d6 9. c3 Na5 10. Bc2 c5 11. d4 cxd4 12. cxd4 Qc7 13. b3 Nc6 14. Be3 Bb7 15. Nbd2 Nd7 16. Rc1 Qb6 17. Nf1 0-1

[Event "HUN-chT U18"]
[Site "Budapest"]
[Date "2019.10.28"]
[Round "4.2"]
[White "Ongut, Tamas Gunes"]
[Black "Demjen, Mark"]
[Result "0-1"]
[WhiteElo "2214"]
[BlackElo "1902"]
[PlyCount "66"]
[EventDate "2019.10.26"]
[EventType "team-swiss"]
[EventRounds "7"]
[EventCountry "HUN"]
[SourceTitle "CBM 192 Extra"]
[Source "Chessbase"]
[SourceDate "2019.11.06"]
[SourceVersion "1"]
[SourceVersionDate "2019.11.06"]
[SourceQuality "1"]
[WhiteTeam "Budapest MTK"]
[BlackTeam "Penzugyor"]
[WhiteTeamCountry "HUN"]
[BlackTeamCountry "HUN"]

1. Nf3 Nf6 2. c4 e6 3. b3 d5 4. Bb2 c5 5. e3 Nc6 6. cxd5 exd5 7. d4 Bf5 8. dxc5 Bxc5 9. Bd3 Bb4+ 10. Ke2 Bg4 11. a3 Bd6 12. h3 Bxf3+ 13. gxf3 Qe7 14. b4 0-0 15. Rg1 Be5 16. Qd2 Rfe8 17. Kf1 d4 18. e4 Qe6 19. Qh6 Nh5 20. Qxh5 Qb3 21. Ke2 Qxb2+ 22. Nd2 Bf4 23. Rad1 Ne5 24. Qh4 Bxd2 25. Rb1 Qc3 26. Bb5 Re6 27. Rgd1 Nxf3 28. Qg4 Ne5 29. Qh5 Bh6 30. Ba4 Ng6 31. Qf5 Rf6 32. Rd3 Nf4+ 33. Qxf4 Qxd3+ 0-1

[Event "HUN-chT U18"]
[Site "Budapest"]
[Date "2019.10.27"]
[Round "2.2"]
[White "Demjen, Mark"]
[Black "Pasztor, Balazs"]
[Result "1-0"]
[WhiteElo "1902"]
[BlackElo "2152"]
[PlyCount "59"]
[EventDate "2019.10.26"]
[EventType "team-swiss"]
[EventRounds "7"]
[EventCountry "HUN"]
[SourceTitle "CBM 192 Extra"]
[Source "Chessbase"]
[SourceDate "2019.11.06"]
[SourceVersion "1"]
[SourceVersionDate "2019.11.06"]
[SourceQuality "1"]
[WhiteTeam "Penzugyor"]
[BlackTeam "Geniusz Tata"]
[WhiteTeamCountry "HUN"]
[BlackTeamCountry "HUN"]

1. e4 e5 2. Nf3 Nc6 3. Bb5 a6 4. Ba4 Nf6 5. 0-0 Be7 6. Re1 b5 7. Bb3 d6 8. c3 0-0 9. h3 Na5 10. Bc2 c5 11. d4 Nd7 12. Nbd2 exd4 13. cxd4 Re8 14. Nf1 Bb7 15. Ng3 g6 16. Bf4 cxd4 17. Nxd4 Bf6 18. b3 Rc8 19. Rc1 d5 20. Ndf5 gxf5 21. Nxf5 Ne5 22. Nh6+ Kf8 23. Qh5 Ng6 24. e5 Bg7 25. Bg5 Qb6 26. Nf5 Rxc2 27. Rxc2 Nxe5 28. Rce2 Qg6 29. Qxg6 hxg6 30. Nxg7 1-0

[Event "HUN-chT2 Maroczy 1819"]
[Site "Hungary"]
[Date "2019.03.10"]
[Round "9.10"]
[White "Fodor, Balazs"]
[Black "Demjen, Mark"]
[Result "1-0"]
[WhiteElo "2136"]
[BlackElo "1838"]
[PlyCount "37"]
[EventDate "2018.09.23"]
[EventType "team-tourn"]
[EventRounds "11"]
[EventCountry "HUN"]
[SourceTitle "EXT 2020"]
[Source "ChessBase"]
[SourceDate "2019.10.17"]
[SourceVersion "1"]
[SourceVersionDate "2019.10.17"]
[SourceQuality "1"]
[WhiteTeam "Budapest MTK"]
[BlackTeam "Penzugyor II"]
[WhiteTeamCountry "HUN"]
[BlackTeamCountry "HUN"]

1. d4 Nf6 2. c4 e6 3. Nf3 c5 4. d5 exd5 5. cxd5 d6 6. Nc3 g6 7. e4 Bg4 8. h3 Bxf3 9. Qxf3 Bg7 10. Bb5+ Nfd7 11. Bf4 a6 12. Bxd7+ Qxd7 13. Qg3 Ke7 14. e5 dxe5 15. Bxe5 f6 16. Bf4 Kf7 17. 0-0 Qf5 18. Bxb8 Raxb8 19. Qc7+ 1-0

[Event "HUN-chT 1819"]
[Site "Hungary"]
[Date "2019.02.10"]
[Round "5.5"]
[White "Demjen, Mark"]
[Black "Aczel, Gergely"]
[Result "0-1"]
[WhiteElo "1876"]
[BlackElo "2549"]
[PlyCount "72"]
[EventDate "2018.11.17"]
[EventType "team-tourn"]
[EventRounds "9"]
[EventCountry "HUN"]
[SourceTitle "CBM 188 Extra"]
[Source "ChessBase"]
[SourceDate "2019.02.26"]
[SourceVersion "1"]
[SourceVersionDate "2019.02.26"]
[SourceQuality "1"]
[WhiteTeam "Penzugyor"]
[BlackTeam "Aquaprofit"]
[WhiteTeamCountry "HUN"]
[BlackTeamCountry "HUN"]

1. e4 c5 2. Nf3 d6 3. d4 cxd4 4. Nxd4 Nf6 5. f3 e5 6. Nb3 Be7 7. c4 a5 8. Be3 a4 9. Nc1 0-0 10. Nc3 Qa5 11. Qd2 Nc6 12. Bd3 Bd8 13. Nd5 Nxd5 14. cxd5 Nd4 15. Bxd4 exd4 16. Qxa5 Bxa5+ 17. Kd1 f5 18. Ne2 fxe4 19. Bxe4 Bf5 20. Ng3 Bxe4 21. Nxe4 Rf5 22. Nxd6 Rxd5 23. Ne4 Rb5 24. Rb1 d3 25. Rf1 Rd8 26. b3 Kf7 27. Nd2 Rc8 28. Rf2 Bb6 29. Ne4 Bxf2 30. Nd6+ Ke6 31. Nxb5 Be3 32. Na3 axb3 33. axb3 b5 34. Nxb5 Rc2 35. Ra1 Rxg2 36. Ra6+ Ke5 0-1

[Event "Budapest Karacsonyi op 10th"]
[Site "Budapest"]
[Date "2018.12.30"]
[Round "6"]
[White "Virag, Balint"]
[Black "Demjen, Mark"]
[Result "0-1"]
[WhiteElo "1994"]
[BlackElo "1898"]
[PlyCount "84"]
[EventDate "2018.12.27"]
[EventType "swiss"]
[EventRounds "7"]
[EventCountry "HUN"]
[SourceTitle "CBM 188 Extra"]
[Source "ChessBase"]
[SourceDate "2019.02.26"]
[SourceVersion "1"]
[SourceVersionDate "2019.02.26"]
[SourceQuality "1"]

1. e4 e5 2. Nf3 Nc6 3. Bb5 a6 4. Ba4 Nf6 5. 0-0 Be7 6. d3 d6 7. c3 0-0 8. h3 b5 9. Bc2 d5 10. d4 exd4 11. e5 Ne4 12. cxd4 Nb4 13. Bb3 c5 14. a3 Nc6 15. Nc3 Nxc3 16. bxc3 c4 17. Bc2 Rb8 18. Bd2 a5 19. Nh2 b4 20. axb4 axb4 21. f4 Qb6 22. Kh1 f5 23. g4 b3 24. Bxf5 Rxf5 25. gxf5 Bxf5 26. Nf3 b2 27. Rb1 Ra8 28. Qe2 Bxb1 29. Rxb1 Ra1 30. Qd1 Qa5 31. Be1 Rxb1 32. Qxb1 Qa1 33. Nd2 Na5 34. Kg2 Nb3 35. Qf5 Qxe1 36. Qe6+ Kf8 37. Qc8+ Kf7 38. Qf5+ Bf6 39. Qd7+ Kg6 40. f5+ Kh6 41. exf6 Qxd2+ 42. Kg3 Qg5+ 0-1

[Event "Budapest Karacsonyi op 10th"]
[Site "Budapest"]
[Date "2018.12.28"]
[Round "3"]
[White "Demjen, Mark"]
[Black "Spanos, Nomikos"]
[Result "0-1"]
[WhiteElo "1898"]
[BlackElo "1801"]
[PlyCount "76"]
[EventDate "2018.12.27"]
[EventType "swiss"]
[EventRounds "7"]
[EventCountry "HUN"]
[SourceTitle "CBM 188 Extra"]
[Source "ChessBase"]
[SourceDate "2019.02.26"]
[SourceVersion "1"]
[SourceVersionDate "2019.02.26"]
[SourceQuality "1"]

1. e4 e5 2. Nf3 Nc6 3. Bb5 a6 4. Ba4 Nf6 5. 0-0 b5 6. Bb3 Be7 7. Re1 d6 8. c3 Na5 9. Bc2 c5 10. h3 0-0 11. d4 Qc7 12. d5 Re8 13. Nbd2 Bf8 14. Nf1 g6 15. b3 Bg7 16. Ng3 c4 17. b4 Nb7 18. Be3 Bd7 19. Rc1 a5 20. a3 axb4 21. axb4 Ra3 22. Bb1 Rea8 23. Qd2 Qd8 24. Rf1 Qf8 25. Ne1 h5 26. f4 exf4 27. Bxf4 Qe8 28. Nf3 R8a6 29. Bh6 Bh8 30. Qg5 Nh7 31. Qh4 Rxc3 32. Rxc3 Bxc3 33. Ng5 Bd4+ 34. Kh1 Nd8 35. Nxh5 Qe7 36. Nf4 Bf6 37. Nxg6 fxg6 38. Bf8 Nxf8 0-1

[Event "HUN-chT U18"]
[Site "Zalakaros"]
[Date "2018.07.29"]
[Round "7.6"]
[White "Kratzmajer, Akos Gyorgy"]
[Black "Demjen, Mark"]
[Result "1/2-1/2"]
[WhiteElo "1972"]
[BlackElo "1747"]
[PlyCount "89"]
[EventDate "2018.07.26"]
[EventType "team-swiss"]
[EventRounds "7"]
[EventCountry "HUN"]
[SourceTitle "CBM 185 Extra"]
[Source "ChessBase"]
[SourceDate "2018.07.29"]
[SourceVersion "1"]
[SourceVersionDate "2018.07.29"]
[SourceQuality "1"]
[WhiteTeam "Dunaujvaros Bastya"]
[BlackTeam "Penzugyor"]
[WhiteTeamCountry "HUN"]
[BlackTeamCountry "HUN"]

1. e4 e5 2. Nf3 Nc6 3. Nc3 Nf6 4. d4 exd4 5. Nxd4 Nxe4 6. Nxe4 Qe7 7. Nb5 Qxe4+ 8. Be2 Bb4+ 9. c3 Ba5 10. 0-0 0-0 11. Bd3 Qh4 12. g3 Qh3 13. Re1 d5 14. Bf1 Qd7 15. Bg2 Ne7 16. b4 Bb6 17. Bf4 Ng6 18. Nd4 Nxf4 19. gxf4 c6 20. Qh5 Qd6 21. Re5 f6 22. Re3 Bxd4 23. cxd4 Qxf4 24. Rg3 Bf5 25. Bh3 Bxh3 26. Rxh3 Qg5+ 27. Qxg5 fxg5 28. Re1 Rae8 29. Rhe3 Rxe3 30. Rxe3 Kf7 31. Kg2 Re8 32. Rf3+ Kg6 33. a3 Re4 34. Rf8 Rxd4 35. Rb8 Rd3 36. a4 Rb3 37. Rxb7 a5 38. b5 cxb5 39. Rxb5 Rxb5 40. axb5 a4 41. b6 a3 42. b7 a2 43. b8Q a1Q 44. Qd6+ Qf6 45. Qxd5 1/2-1/2

[Event "HUN-chT2 Charousek 1718"]
[Site "Hungary"]
[Date "2018.03.25"]
[Round "8.12"]
[White "Felde, Bence"]
[Black "Demjen, Mark"]
[Result "1-0"]
[WhiteElo "1938"]
[BlackElo "1746"]
[PlyCount "79"]
[EventDate "2017.10.29"]
[EventType "team-tourn"]
[EventRounds "9"]
[EventCountry "HUN"]
[SourceTitle "EXT 2020"]
[Source "ChessBase"]
[SourceDate "2019.10.17"]
[SourceVersion "1"]
[SourceVersionDate "2019.10.17"]
[SourceQuality "1"]
[WhiteTeam "Aquaprofit Nagykanizsa II"]
[BlackTeam "Penzugyor"]
[WhiteTeamCountry "HUN"]
[BlackTeamCountry "HUN"]

1. d4 Nf6 2. c4 e6 3. Nc3 Bb4 4. e3 Nc6 5. Bd3 d6 6. Nge2 e5 7. d5 Bxc3+ 8. Nxc3 Ne7 9. Qc2 Nd7 10. 0-0 Nc5 11. Be2 a5 12. e4 0-0 13. f4 exf4 14. Bxf4 Ng6 15. Bg3 Re8 16. Rae1 Qg5 17. Bf3 h5 18. Nb5 h4 19. Bf2 Na6 20. Be3 Qe7 21. Qd2 Ne5 22. Bg5 f6 23. Bxh4 Nxc4 24. Qc3 Ne5 25. Bh5 Rf8 26. Nd4 g6 27. Bd1 Nc5 28. Bc2 Rf7 29. Nf3 Bd7 30. Nxe5 Qxe5 31. Rxf6 Qxc3 32. bxc3 Rxf6 33. Bxf6 Rf8 34. Bd4 Ba4 35. Bxa4 Nxa4 36. e5 dxe5 37. Rxe5 Nb2 38. Re6 Kh7 39. Re7+ Kh6 40. Bg7+ 1-0